| 000 | 00716nam a22002295a 4500 | ||
|---|---|---|---|
| 005 | 20201128023737.0 | ||
| 008 | 160515s2015 ii a fr 000 0 eng d | ||
| 020 | _a9789350388815 | ||
| 040 |
_aEG-ScBUE _beng _cEG-ScBUE |
||
| 082 | 0 | 4 |
_222 _a006.3 _bDES |
| 100 | 1 |
_aDeshmukh-Nimbalkar, Anamitra. _939978 |
|
| 245 | 1 | 0 |
_aArtificial intelligence : _cAnamitra Deshmukh-Nimbalkar. |
| 250 | _a2nd revised ed. | ||
| 260 |
_aPune, India : _bTechnical Publications, _c2015. |
||
| 300 |
_a1 v. (Various pagings) : _bill. ; _c24 cm. |
||
| 590 | _aWessam | ||
| 650 | 7 |
_2BUEsh _9529 _aArtificial intelligence. |
|
| 651 | _2BUEsh | ||
| 653 |
_bCOMSCI _cMay2016 |
||
| 653 |
_bCOMSCI _cDecember2016 |
||
| 942 |
_2ddc _e22 _k006.3 DES |
||
| 999 |
_c21742 _d21714 |
||